000 00909nam a2200217Ia 4500
001 1139
003 GE_BSU
008 181216s||||||||xx |||||||||||||| ||und||
040 _cGE_BSU
080 _a632.934(075.8)
100 _aგეგენავა, გ.
245 _aბიოტექნოლოგია მცენარეთა დაცვაში.
245 _bმავნე ორგანიზმებთან ბრძოლის ალტერნატიული საშვალებები.დსამხმარე სახელმძრვანელო.
260 _aთბილისი
260 _bსაქ.–ს აგრარული უნ–ტი
260 _c1991
300 _a76 გვ. 19 სმ.
541 _h4 ლ.
653 _aბიოტექნოლოგია მცენარეთა დაცვაში.
942 _cBK
999 _c35289
_d35289